000 00443nam a2200181Ia 4500
001 15978
005 20260306170235.0
008 260306t2014||||xx |||||||||||||| ||und||
041 _aESP
082 _a346.52
_bA46
100 _aÁlvarez Lata, Natalia
_eAUT
245 0 _aRiesgo empresarial y responsabilidad civil
260 _c2014
300 _a213 páginas :
_c21 cm.
650 _aGEN
654 _aCDE
942 _cLIB
_dJUS
_fJUS
_2ddc
_n
999 _c15978
_d15978